000 00734nam a2200253 a 4500
001 38639
003 Mx-PuUPA
005 20260212131103.0
008 140415s2000 sp 000 0 spa d
020 _a9688873640
040 _cMx-PuUPA
041 _aspa
082 _a720.28
_bCHI
100 1 _aCHING, FRANK
245 1 0 _aMANUAL DE DIBUJO ARQUITECTONICO
250 _a3a ed.
260 _aESPAÑA :
_bGUSTAVO GILI,
_c2000
300 _a178
_cx 21 x 30
520 _aTRATA DE LOS PRINCIPIOS TRADICONALES, BÁSICOS DE LA EXPRESIÓN GRÁFICA, DESDE LA LÍNEA A LA FORMA, LA SOMBRA Y EL ESPACIO.
650 1 4 _aDIBUJO ARQUITECTONICO
700 1 _aCARBONEL, JORGE
_etr.
740 _aARCHITECTURAL GRAPHICS
942 _2ddc
_cLI
999 _c38639
_d38639